F1 Wins Farthest Back on Starting Grid - Statistics

General Stats
  • This quiz has been taken 7 times
  • The average score is 9 of 16
Answer Stats
Start Position Race Country Driver % Correct
14th 2018 German Grand Prix UK Lewis Hamilton
100%
14th 2006 Hungarian Grand Prix UK Jenson Button
83%
17th 2024 São Paulo Grand Prix Netherlands Max Verstappen
83%
14th 2022 Belgian Grand Prix Netherlands Max Verstappen
83%
15th 2008 Singapore Grand Prix Spain Fernando Alonso
67%
17th 2005 Japanese Grand Prix Finland Kimi Räikkönen
67%
16th 1995 Belgian Grand Prix Germany Michael Schumacher
67%
18th 2000 German Grand Prix Brazil Rubens Barrichello
67%
14th 1977 Austrian Grand Prix Australia Alan Jones
50%
16th 1973 South African Grand Prix UK Jackie Stewart
33%
14th 1999 European Grand Prix UK Johnny Herbert
33%
22nd 1983 United States Grand Prix West UK John Watson
33%
17th 1982 Detroit Grand Prix UK John Watson
33%
14th 1996 Monaco Grand Prix France Olivier Panis
33%
19th 1954 Indianapolis 500 USA Bill Vukovich
17%
14th 1955 Indianapolis 500 USA Bob Sweikert
17%
No matching quizzes found
Score Distribution
Percent of People with Each Score
Percentile by Number Answered
Your Score History
You have not taken this quiz